The coast of Barbary /

محفوظ في:

المؤلف الرئيسي: Soames, Jane (مؤلف)

التنسيق: كتاب

اللغة: English

منشور في: London : J. Cape, [1938].

الموضوعات:

الوسوم: إضافة وسم

لا توجد وسوم, كن أول من يضع وسما على هذه التسجيلة!

رقم الطلب: DT194 .S6 1938

LEADER 00609nam a22002177a 4500
003 OSt
005 20260420163334.0
008 260420t1938 enkbf 000 0 eng d
035 |a OCLC 2130156 
040 |c ARCE Library 
043 |a ff----- 
050 1 4 |a DT194  |b .S6 1938 
100 1 |a Soames, Jane,   |e author  |9 40258 
245 1 4 |a The coast of Barbary /   |c by Jane Soames. 
264 1 |a London :   |b J. Cape,   |c [1938]. 
300 |a 286 pages :   |b plates, maps ;   |c 21 cm. 
651 0 |a Africa  |x Politics and government. 
651 0 |a Africa, North  |x History. 
901 |a reviewed 
942 |c BK  |2 lcc 
999 |c 23110  |d 23110